000 00421nam a22001577a 4500
003 NUST
005 20220607115634.0
008 220607b ||||| |||| 00| 0 eng d
020 _a978-1-0716-0226-3
038 _aMuzammil
082 _a572.65
_bHUS
245 _aPeptide Synthesis:
_bmethods and protocols\
_cWaleed M. Hussein.
260 _aAustralia,
_bHumana Press,
_c2020.
300 _axi,338p.;
942 _2ddc
_cBK
999 _c590138
_d590138